[Event "SVK-chT4 A22 1819"]
[Site "Slovakia"]
[Date "2018.10.14"]
[Round "1.1"]
[White "Bogi, Timea"]
[Black "Tupy, Bystrik"]
[Result "0-1"]
[WhiteElo "1606"]
[BlackElo "1711"]
[PlyCount "180"]
[EventDate "2018.10.14"]
[EventType "team-tourn"]
[EventRounds "11"]
[EventCountry "SVK"]
[SourceTitle "EXT 2020"]
[Source "ChessBase"]
[SourceDate "2019.10.17"]
[SourceVersion "1"]
[SourceVersionDate "2019.10.17"]
[SourceQuality "1"]

1. e4 e5 2. Nf3 Nc6 3. Bc4 Bc5 4. Nc3 Nf6 5. a3 h6 6. d3 d6 7. h3 0-0 8. Be3 Nd4 9. Na4 c6 10. Nxc5 Nxf3+ 11. gxf3 dxc5 12. Bxc5 Re8 13. Qd2 Be6 14. Bxe6 Rxe6 15. Be3 Kh7 16. f4 exf4 17. Bxf4 Nd5 18. 0-0-0 Nxf4 19. Qxf4 b5 20. Qd2 a5 21. f4 c5 22. Rhg1 b4 23. a4 Qd7 24. b3 Qd4 25. Kb1 Rd8 26. f5 Rxe4 27. Qg2 Re3 28. Rdf1 Rde8 29. f6 g6 30. Qb7 Rf8 31. Rg4 Qe5 32. Re4 Rxe4 33. dxe4 g5 34. Rf5 Qd4 35. Qe7 Qd1+ 36. Kb2 Qd4+ 37. Ka2 Qd8 38. Qxd8 Rxd8 39. Rxc5 Ra8 40. Kb2 Kg6 41. c3 bxc3+ 42. Kxc3 Kxf6 43. Kd4 Rb8 44. Kc4 Rb4+ 45. Kd5 Rxb3 46. Rc6+ Kg7 47. Ra6 Rxh3 48. Rxa5 g4 49. Rb5 Rh5+ 50. Kc6 Rxb5 51. axb5 g3 52. b6 g2 53. b7 g1Q 54. b8Q Qc1+ 55. Kd5 Qd2+ 56. Kc4 Qc2+ 57. Kd5 Qd3+ 58. Kc5 Qxe4 59. Qg3+ Kh7 60. Kb5 Qf5+ 61. Ka4 h5 62. Qh2 f6 63. Qc7+ Kg6 64. Qd8 Qe4+ 65. Ka5 Kg5 66. Qd2+ Kf5 67. Qd7+ Kg5 68. Qd2+ Kg4 69. Qd1+ Kg5 70. Qd2+ Kg6 71. Qd8 h4 72. Qg8+ Kf5 73. Qh7+ Ke5 74. Qh5+ f5 75. Qh8+ Kd5 76. Qg8+ Kd4 77. Qg1+ Ke5 78. Qh2+ Ke6 79. Qh3 Qa8+ 80. Kb6 Qd8+ 81. Ka6 Qd6+ 82. Ka7 Qg3 83. Qf1 f4 84. Qc4+ Kf5 85. Qc8+ Ke4 86. Qc6+ Ke3 87. Qc3+ Kf2 88. Qd2+ Kg1 89. Qd1+ Kg2 90. Qd5+ f3 0-1

[Event "SVK-chT4 A22 1718"]
[Site "Slovakia"]
[Date "2018.01.14"]
[Round "7.3"]
[White "Bogi, Timea"]
[Black "Rendek, Jozef"]
[Result "1-0"]
[WhiteElo "1613"]
[BlackElo "1518"]
[PlyCount "135"]
[EventDate "2017.10.01"]
[EventType "team-tourn"]
[EventRounds "11"]
[EventCountry "SVK"]
[SourceTitle "EXT 2020"]
[Source "ChessBase"]
[SourceDate "2019.10.17"]
[SourceVersion "1"]
[SourceVersionDate "2019.10.17"]
[SourceQuality "1"]

1. e4 e5 2. Nf3 Nc6 3. Bc4 Be7 4. a3 Nf6 5. d3 0-0 6. Nc3 d6 7. h3 a6 8. Be3 b5 9. Ba2 Bb7 10. Nd5 Rb8 11. Nxe7+ Nxe7 12. Bg5 Ng6 13. Nh4 h6 14. Nxg6 hxg5 15. Nxf8 Kxf8 16. h4 gxh4 17. Rxh4 d5 18. Rh8+ Ng8 19. Qh5 Ke7 20. Qg5+ Kd6 21. Qxd8+ Rxd8 22. Bxd5 Bxd5 23. exd5 Kxd5 24. Rh7 Nf6 25. Rxg7 Ke6 26. 0-0-0 Rh8 27. Re1 c5 28. f4 Nd7 29. fxe5 Rf8 30. c3 Kd5 31. e6 Ne5 32. Kd2 Kxe6 33. d4 cxd4 34. cxd4 Kf6 35. Rg3 Nc4+ 36. Kc3 Rc8 37. Kb3 Nd2+ 38. Ka2 Nc4 39. Rf3+ Kg7 40. d5 Rd8 41. Rd3 Rd6 42. Rc1 Rf6 43. Rc2 Rb6 44. b3 Ne5 45. Rdc3 Rd6 46. Rd2 Kf6 47. Kb2 a5 48. Rc5 Rb6 49. Rc7 Rd6 50. Rb7 a4 51. Rxb5 axb3 52. Kxb3 Ke7 53. a4 Kd7 54. a5 Ra6 55. Kb4 Kd8 56. Rb6 Ra7 57. Kb5 Nd7 58. a6 Ra8 59. Rb7 f6 60. Ra2 Ke7 61. a7 Kd6 62. Rxd7+ Kxd7 63. Kb6 Kd6 64. Kb7 Rxa7+ 65. Kxa7 Kxd5 66. Re2 f5 67. Kb7 Kd4 68. Kc6 1-0

[Event "SVK-chT4 A22 1516"]
[Site "Slovakia"]
[Date "2016.01.24"]
[Round "7.4"]
[White "Bogi, Timea"]
[Black "Pinter, Marek"]
[Result "1/2-1/2"]
[WhiteElo "1605"]
[BlackElo "1490"]
[PlyCount "32"]
[EventDate "2015.10.04"]
[EventType "team-tourn"]
[EventRounds "11"]
[EventCountry "SVK"]
[SourceTitle "EXT 2020"]
[Source "ChessBase"]
[SourceDate "2019.10.17"]
[SourceVersion "1"]
[SourceVersionDate "2019.10.17"]
[SourceQuality "1"]

1. e4 c5 2. Nf3 d6 3. b3 e6 4. Bb2 Nf6 5. Nc3 a6 6. d4 cxd4 7. Nxd4 e5 8. Nf5 Bxf5 9. exf5 Nc6 10. Bd3 g6 11. Qd2 Bg7 12. h3 Nb4 13. Rd1 Qd7 14. fxg6 hxg6 15. a3 Nxd3+ 16. Qxd3 Rd8 1/2-1/2

[Event "SVK-chT4 A22 1415"]
[Site "Slovakia"]
[Date "2014.10.12"]
[Round "1.1"]
[White "Bogi, Timea"]
[Black "Pinkas, Jan"]
[Result "1-0"]
[WhiteElo "1593"]
[BlackElo "1532"]
[PlyCount "82"]
[EventDate "2014.10.12"]
[EventType "team-tourn"]
[EventRounds "11"]
[EventCountry "SVK"]
[SourceTitle "EXT 2019"]
[Source "ChessBase"]
[SourceDate "2018.10.10"]
[SourceVersion "1"]
[SourceVersionDate "2018.10.10"]
[SourceQuality "1"]

1. e4 e5 2. Nf3 Nc6 3. Bc4 h6 4. c3 d6 5. h3 Nf6 6. d3 Ne7 7. Qb3 d5 8. exd5 Nexd5 9. Nxe5 Qd6 10. d4 a6 11. 0-0 b5 12. Bxd5 Qxd5 13. Qxd5 Nxd5 14. b3 Bd6 15. Bd2 0-0 16. c4 Nf6 17. c5 Bxe5 18. dxe5 Nd7 19. f4 c6 20. Be3 f5 21. Rd1 Nb8 22. Nc3 Ra7 23. Rd6 Rd7 24. Rad1 Rfd8 25. b4 Rxd6 26. cxd6 Be6 27. a3 Nd7 28. Ne2 Kf7 29. Nd4 Rc8 30. Rc1 Nb8 31. Kf2 g6 32. Nxe6 Kxe6 33. g4 Nd7 34. gxf5+ Kxf5 35. Kf3 Nf8 36. Bb6 Nd7 37. Bc7 g5 38. Re1 gxf4 39. e6 Re8 40. exd7 Rxe1 41. d8Q Rf1+ 1-0

[Event "SVK-chT3A2 1314"]
[Site "Slovakia"]
[Date "2014.01.19"]
[Round "7.1"]
[White "Bogi, Timea"]
[Black "Vagovic, Milan"]
[Result "0-1"]
[WhiteElo "1589"]
[BlackElo "1702"]
[PlyCount "120"]
[EventDate "2013.10.13"]
[EventType "team-tourn"]
[EventRounds "11"]
[EventCountry "SVK"]
[SourceTitle "EXT 2015"]
[Source "ChessBase"]
[SourceDate "2014.11.20"]
[SourceVersion "1"]
[SourceVersionDate "2014.11.20"]
[SourceQuality "1"]
[WhiteTeam "Velky Meder MSK Corvin"]
[BlackTeam "Trnava Modranka Jun"]
[WhiteTeamCountry "SVK"]
[BlackTeamCountry "SVK"]

1. e4 c5 2. Nf3 e6 3. d4 cxd4 4. Nxd4 Nc6 5. Nxc6 bxc6 6. b3 Bc5 7. Qf3 Qf6 8. Qxf6 Nxf6 9. Bd3 0-0 10. Bb2 Be7 11. 0-0 Bb7 12. e5 Nd5 13. a3 Nf4 14. Be4 f5 15. Bf3 Ng6 16. Nd2 Rab8 17. Rfd1 Rfd8 18. Nc4 Ba6 19. Nd6 Nh4 20. Rd2 Nxf3+ 21. gxf3 Bg5 22. Rd4 Be7 23. Ra4 Be2 24. Rxa7 Bxd6 25. exd6 Bxf3 26. a4 Be4 27. Rc1 Kf7 28. Bd4 g6 29. a5 Ke8 30. Bb6 Rdc8 31. b4 Ra8 32. Kf1 Rxa7 33. Bxa7 Ra8 34. Bc5 g5 35. Ke2 g4 36. c3 h5 37. Rg1 Kf7 38. Ra1 e5 39. c4 Ke6 40. a6 h4 41. a7 f4 42. Rg1 Bf3+ 43. Kd3 h3 44. b5 cxb5 45. cxb5 Kd5 46. Rc1 g3 47. fxg3 fxg3 48. Bg1 gxh2 49. Bxh2 Rxa7 50. Rc7 Ra3+ 51. Rc3 Rxc3+ 52. Kxc3 Kxd6 53. Kb4 Kd5 54. b6 Ke6 55. Kc3 Bc6 56. Kd3 d5 57. Ke3 d4+ 58. Kd3 Kd5 59. Ke2 e4 60. Kd2 Kc4 0-1

[Event "SVK-chT3A2 1314"]
[Site "Slovakia"]
[Date "2013.12.01"]
[Round "4.5"]
[White "Bogi, Timea"]
[Black "Hirmajer, Jan"]
[Result "1-0"]
[WhiteElo "1589"]
[BlackElo "1957"]
[PlyCount "131"]
[EventDate "2013.10.13"]
[EventType "team-tourn"]
[EventRounds "11"]
[EventCountry "SVK"]
[SourceTitle "EXT 2015"]
[Source "ChessBase"]
[SourceDate "2014.11.20"]
[SourceVersion "1"]
[SourceVersionDate "2014.11.20"]
[SourceQuality "1"]
[WhiteTeam "Velky Meder MSK Corvin"]
[BlackTeam "Trnava Modranka"]
[WhiteTeamCountry "SVK"]
[BlackTeamCountry "SVK"]

1. e4 c5 2. c3 Nc6 3. Nf3 d5 4. exd5 Qxd5 5. d4 cxd4 6. Nxd4 e5 7. Nxc6 Qxc6 8. Be3 Nf6 9. Be2 Be6 10. 0-0 Rd8 11. Qc2 a6 12. Nd2 Be7 13. Bg5 Bd5 14. Nf3 Qc7 15. Qf5 e4 16. Nd4 0-0 17. f3 exf3 18. Bxf3 Bxf3 19. Rxf3 Rd5 20. Qf4 Qb6 21. Raf1 Nh5 22. Qe4 Rxg5 23. Qxe7 Nf6 24. Qe3 Ra5 25. Rg3 Nh5 26. Rh3 Qg6 27. Qf3 Rb8 28. Nf5 Qb6+ 29. Kh1 g6 30. Ne7+ Kh8 31. Qxf7 Rg5 32. Qc4 Qd6 33. Qd4+ Qxd4 34. cxd4 Rd8 35. d5 Re5 36. g4 Ng3+ 37. Rxg3 Rxe7 38. Rd1 Red7 39. Rgd3 Rd6 40. Kg2 Kg7 41. Kf3 Kf6 42. Ke4 Re8+ 43. Kd4 Red8 44. Kc4 Ke5 45. Re1+ Kf6 46. h4 R8d7 47. Rf3+ Kg7 48. Re5 Rc7+ 49. Kd4 Rcd7 50. b4 b6 51. a4 a5 52. bxa5 bxa5 53. Kc5 h6 54. g5 h5 55. Rb3 Kf7 56. Rb5 Ra6 57. Rb3 Raa7 58. d6 Kg7 59. Kc6 Kf7 60. Rbb5 Kg7 61. Rxa5 Rab7 62. Rab5 Ra7 63. a5 Rf7 64. Re7 Rfxe7 65. dxe7 Rxe7 66. Rb7 1-0

[Event "SVK-chT3A2 0910"]
[Site "Slovakia"]
[Date "2010.03.28"]
[Round "11.8"]
[White "Drabek, Martin"]
[Black "Bogi, Timea"]
[Result "1-0"]
[WhiteElo "1449"]
[BlackElo "1589"]
[PlyCount "109"]
[EventDate "2009.10.18"]
[EventType "team-tourn"]
[EventRounds "11"]
[EventCountry "SVK"]
[SourceTitle "EXT 2011"]
[Source "ChessBase"]
[SourceDate "2010.11.26"]
[SourceVersion "1"]
[SourceVersionDate "2010.11.26"]
[SourceQuality "1"]
[WhiteTeam "Skalica II"]
[BlackTeam "Velky Meder"]
[WhiteTeamCountry "SVK"]
[BlackTeamCountry "SVK"]

1. e4 e5 2. Nf3 Nc6 3. Bc4 Bc5 4. Nc3 Nf6 5. a3 a6 6. d3 h6 7. 0-0 d6 8. h3 0-0 9. Be3 Nd4 10. Bxd4 Bxd4 11. Nxd4 exd4 12. Ne2 c5 13. Nf4 Kh7 14. Qf3 Nd7 15. Qg3 Ne5 16. Nh5 g6 17. Nf4 Nxc4 18. dxc4 b5 19. cxb5 axb5 20. Qb3 Qg5 21. Qd5 Bb7 22. Qxb7 Qxf4 23. Rfe1 Rab8 24. Qd5 Qe5 25. Re2 Kg7 26. Rf1 Rfe8 27. Qxe5+ dxe5 28. f3 c4 29. Rd1 Ra8 30. Ra1 b4 31. Kf2 bxa3 32. bxa3 Reb8 33. Ree1 Rb2 34. Re2 d3 35. cxd3 c3 36. Rxb2 cxb2 37. Rb1 Rxa3 38. Ke2 Rb3 39. Kd2 f5 40. Kc2 Rb8 41. Rxb2 Rxb2+ 42. Kxb2 Kf6 43. Kc3 Kg5 44. Kc4 Kf6 45. d4 Ke6 46. d5+ Kd6 47. g3 h5 48. h4 f4 49. gxf4 exf4 50. Kd4 g5 51. hxg5 h4 52. g6 h3 53. g7 h2 54. g8Q h1Q 55. Qd8# 1-0

[Event "SVK-chT3A2 0910"]
[Site "Slovakia"]
[Date "2010.01.17"]
[Round "6.7"]
[White "Szabo, Ladislav"]
[Black "Bogi, Timea"]
[Result "0-1"]
[WhiteElo "1507"]
[BlackElo "1589"]
[PlyCount "46"]
[EventDate "2009.10.18"]
[EventType "team-tourn"]
[EventRounds "11"]
[EventCountry "SVK"]
[SourceTitle "EXT 2011"]
[Source "ChessBase"]
[SourceDate "2010.11.26"]
[SourceVersion "1"]
[SourceVersionDate "2010.11.26"]
[SourceQuality "1"]
[WhiteTeam "Dunajska Streda SK III"]
[BlackTeam "Velky Meder"]
[WhiteTeamCountry "SVK"]
[BlackTeamCountry "SVK"]

1. e4 c5 2. Nf3 d6 3. d4 cxd4 4. Nxd4 Nf6 5. Nc3 a6 6. Be2 Nc6 7. 0-0 e6 8. Be3 Be7 9. Qd2 0-0 10. Rad1 Re8 11. f4 Qc7 12. Nxc6 bxc6 13. Bd4 e5 14. fxe5 dxe5 15. Be3 Rd8 16. Qe1 Be6 17. Qg3 Bb4 18. Bh6 Ne8 19. Qg5 Bxc3 20. Rxd8 Rxd8 21. bxc3 Bxa2 22. Bxa6 Qb6+ 23. Kh1 Qxa6 0-1

[Event "SVK-chT3A2 0809"]
[Site "Slovakia"]
[Date "2009.03.08"]
[Round "9.7"]
[White "Vach, Jozef"]
[Black "Bogi, Timea"]
[Result "1/2-1/2"]
[WhiteElo "1917"]
[BlackElo "1553"]
[PlyCount "84"]
[EventDate "2008.10.19"]
[EventType "team-tourn"]
[EventRounds "11"]
[EventCountry "SVK"]
[SourceTitle "EXT 2010"]
[Source "ChessBase"]
[SourceDate "2010.11.25"]
[SourceVersion "1"]
[SourceVersionDate "2010.11.25"]
[SourceQuality "1"]
[WhiteTeam "Skalica"]
[BlackTeam "Velky Meder MSK Thermal"]
[WhiteTeamCountry "SVK"]
[BlackTeamCountry "SVK"]

1. e4 e5 2. Nf3 Nc6 3. Bb5 Bc5 4. c3 Nge7 5. d4 exd4 6. cxd4 Bb4+ 7. Bd2 Bxd2+ 8. Qxd2 0-0 9. d5 a6 10. Ba4 Na7 11. Nc3 d6 12. 0-0 Bd7 13. Bc2 Nb5 14. Rfe1 Ng6 15. e5 dxe5 16. Nxe5 Nxe5 17. Rxe5 g6 18. Qh6 Qf6 19. Qe3 Rfe8 20. f4 Nxc3 21. bxc3 c6 22. Qd4 Qd6 23. c4 c5 24. Qc3 b5 25. Rae1 bxc4 26. Qxc4 Bb5 27. Qc3 Rxe5 28. fxe5 Qb6 29. Qe3 Bc4 30. Rb1 Qd8 31. Qxc5 Qxd5 32. Qxd5 Bxd5 33. a3 Re8 34. Re1 f6 35. Kf2 fxe5 36. Bd3 a5 37. g3 Kf7 38. Bb5 Rb8 39. a4 Ke6 40. Rc1 Kd6 41. Ke3 Rf8 42. Ke2 e4 1/2-1/2

[Event "SVK-chT3A2 0809"]
[Site "Slovakia"]
[Date "2009.01.11"]
[Round "5.7"]
[White "Mackovic, Miroslav"]
[Black "Bogi, Timea"]
[Result "0-1"]
[WhiteElo "1972"]
[BlackElo "1553"]
[PlyCount "168"]
[EventDate "2008.10.19"]
[EventType "team-tourn"]
[EventRounds "11"]
[EventCountry "SVK"]
[SourceTitle "EXT 2010"]
[Source "ChessBase"]
[SourceDate "2010.11.25"]
[SourceVersion "1"]
[SourceVersionDate "2010.11.25"]
[SourceQuality "1"]
[WhiteTeam "Trnava Modranka"]
[BlackTeam "Velky Meder MSK Thermal"]
[WhiteTeamCountry "SVK"]
[BlackTeamCountry "SVK"]

1. c4 e5 2. Nc3 Nf6 3. e3 c6 4. d4 exd4 5. Qxd4 d5 6. a3 Be6 7. cxd5 Nxd5 8. Nf3 Qb6 9. Qxb6 Nxb6 10. Nd4 Bg4 11. h3 Bh5 12. e4 f6 13. Ne6 Kd7 14. Nxf8+ Rxf8 15. f3 Ke8 16. Bf4 N8d7 17. Bd6 Rg8 18. Nd1 Ne5 19. Ne3 Bf7 20. Bxe5 fxe5 21. Be2 Rd8 22. Ng4 Nd7 23. 0-0-0 Ke7 24. Ne3 g6 25. Bc4 Nb6 26. Bxf7 Kxf7 27. Ng4 Ke6 28. Kc2 Nc4 29. Kc3 b5 30. Nf2 Ne3 31. Rxd8 Rxd8 32. Rg1 Nc4 33. a4 Nxb2 34. axb5 cxb5 35. Ng4 Nc4 36. Kb4 a6 37. Ra1 Ra8 38. Nf2 Ne3 39. Rg1 Rd8 40. Ka5 Rd6 41. Ng4 Nc4+ 42. Kb4 h5 43. Nf2 Rd2 44. Nd1 Kd6 45. Kc3 Ra2 46. g4 Ra3+ 47. Kc2 h4 48. Nc3 g5 49. Rd1+ Kc5 50. Rd8 Nb6 51. Rg8 b4 52. Nd1 b3+ 53. Kb1 Nc4 54. Rxg5 Nd2+ 55. Kc1 Nxf3 56. Rf5 Kd4 57. Kb2 Ra2+ 58. Kxb3 Rd2 59. Rxf3 Rxd1 60. Rf6 Kxe4 61. Rxa6 Rd3+ 62. Kc2 Rxh3 63. Ra4+ Kd5 64. Ra5+ Ke6 65. Ra6+ Kd5 66. Ra5+ Ke4 67. Ra4+ Kf3 68. g5 Rh2+ 69. Kd1 e4 70. Ra8 e3 71. Rf8+ Kg4 72. g6 Rd2+ 73. Ke1 Rd7 74. Rf7 Rd8 75. Ke2 h3 76. Kxe3 Kg3 77. Rf3+ Kg2 78. Rf5 h2 79. Rg5+ Kh3 80. Rh5+ Kg3 81. g7 Re8+ 82. Kd4 Rg8 83. Rg5+ Kh4 84. Rg6 Kh5 0-1

[Event "SVK-chT3A2 0607"]
[Site "Slovakia"]
[Date "2007.02.11"]
[Round "8"]
[White "Barca, Michal"]
[Black "Bogi, Timea"]
[Result "1-0"]
[WhiteElo "1807"]
[BlackElo "1501"]
[PlyCount "65"]
[EventDate "2006.10.08"]
[EventType "team-tourn"]
[EventRounds "11"]
[EventCountry "SVK"]
[SourceTitle "EXT 2008"]
[Source "ChessBase"]
[SourceDate "2007.11.25"]
[SourceVersion "1"]
[SourceVersionDate "2007.11.25"]
[SourceQuality "1"]
[WhiteTeam "Hlohovec Junior"]
[BlackTeam "Velky Meder"]
[WhiteTeamCountry "SVK"]
[BlackTeamCountry "SVK"]

1. c4 e5 2. Nc3 Nf6 3. Nf3 Nc6 4. g3 d5 5. cxd5 Nxd5 6. Bg2 Nxc3 7. bxc3 Bd6 8. d4 exd4 9. cxd4 Bb4+ 10. Bd2 Bxd2+ 11. Qxd2 0-0 12. 0-0 Ne7 13. e4 c6 14. Ne5 f5 15. Qb4 g6 16. Qc4+ Kg7 17. Rad1 fxe4 18. Bxe4 Qd6 19. Qc3 Nd5 20. Qd2 Bf5 21. Bg2 Rae8 22. g4 Bc8 23. f4 Qd8 24. Rf3 a6 25. Rdf1 Nf6 26. f5 Rxe5 27. fxg6 hxg6 28. Rh3 Bxg4 29. Qh6+ Kf7 30. dxe5 Qd4+ 31. Kh1 Qxe5 32. Re3 Qb8 33. Qh7# 1-0